banner-ar

العلاقات بين الدولة المرينية ومملكة مالى الاسلامية : (Record no. 64177)

MARC details
000 -الفاتح
حقل البيانات ثابتة الطول 01133nam a22002297a 4500
005 - وقت وتاريخ اخر تعامل مع التسجيلة
رقم الضبط 20240530110718.0
008 - عناصر البيانات ثابتة الطول - معلومات عامة
حقل البيانات ثابتة الطول 180314s2017 ua ab g b 000 0 ara d
017 ## - رقم الايداع القانونى
رقم الايداع القانونى 2016/17557
المصدر ( الهيئة المختصة) مصر. دار الكتب
020 ## - الرقم الدولى المعيارى للكتب
الرقم الدولى المعيارى للكتاب 9789778120417
040 ## - مصدر الفهرسة
وكالة الفهرسة الأصلية EG-CaGPL
وكالة النسخ EG-CaGPL
082 04 - رقم تصنيف ديوى العشرى
رقم الطبعة 21
رقم التصنيف 953.0728 /
رقم المادة ف ع
100 0# - المدخل الرئيسى - إسم شخصى
الإسم الشخصى فريد عبدالرشيد المهندس
245 12 - بيان العنوان
العنوان العلاقات بين الدولة المرينية ومملكة مالى الاسلامية :
بقية العنوان فيما بين القرنين السابع والتاسع الهجريين الثالث عشر والخامس عشر الميلاديين /
بيان المسئوليه,etc فريد عبدالرشيد المهندس
250 ## - بيان الطبعة
بيان الطبعة ط.1
260 ## - PUBLICATION, DISTRIBUTION, ETC. (IMPRINT)
تاريخ النشر أو التوزيع 2017.
300 ## - الوصف المادى
التعداد 616 ص. :
تفاصيل ماديه اخرى للوعاء ايض ؛
أبعاد الوعاء 24 سم.
504 ## - تبصرة ببليوجرافية
تبصرة ببليوجرافية,الخ يشتمل على ارجاعات ببليوجرافية
651 07 - المدخل الاضافى بالموضوع - اسم جغرافى
مصدر الرأس أو المصطلح qrmak
الاسم الجغرافي المغرب
التقسيم الفرعي العام تاريخ
التقسيم الفرعي الزمني العصر الاسلامى
651 07 - المدخل الاضافى بالموضوع - اسم جغرافى
مصدر الرأس أو المصطلح qrmak
الاسم الجغرافي الدولة المرينية
التقسيم الفرعي العام العلاقات الخارجية
التقسيم الفرعي الجغرافي مالى
942 ## - عناصر المدخل الإضافي( كوها)
مصدر التصنيف او مخطط الترفيف Dewey Decimal Classification
Koha [default] item type كتاب
260 ## - PUBLICATION, DISTRIBUTION, ETC. (IMPRINT)
-- القاهرة :
-- المكتب العربى للمعارف ،
Holdings
حالة التراجع حالة الفقد حالة تلف ليس للاعارة المكان المؤقت الموقع الحالى موقع الترفيف تاريخ الاكتساب اجمالي اﻻعارات رقم الطلب الباركود تاريخ اخر مشاهدة تاريخ تفعيل السعر نوع وعاء كوها
        مكتبة القاهرة الكبرى مكتبة القاهرة الكبرى القاعة الرئيسية 03/15/2018   953.0728 / ف ع 164323 03/15/2018 03/15/2018 كتاب

Powered By

EGPV